<?xml version="1.0" encoding="UTF-8"?>
<record
    xmlns:xsi="http://www.w3.org/2001/XMLSchema-instance"
    xsi:schemaLocation="http://www.loc.gov/MARC21/slim http://www.loc.gov/standards/marcxml/schema/MARC21slim.xsd"
    xmlns="http://www.loc.gov/MARC21/slim">

  <leader>00605nam a2200205 a 4500</leader>
  <controlfield tag="001">78930</controlfield>
  <controlfield tag="003">BD-RjUL</controlfield>
  <controlfield tag="005">20211209083206.0</controlfield>
  <controlfield tag="008">211130s194?    pak||||| |||| 00| 0 urd d</controlfield>
  <datafield tag="035" ind1=" " ind2=" ">
    <subfield code="a">(BD-RjUL)79157</subfield>
  </datafield>
  <datafield tag="040" ind1=" " ind2=" ">
    <subfield code="a">BD-RjUL</subfield>
    <subfield code="b">eng</subfield>
    <subfield code="c">BD-RjUL</subfield>
  </datafield>
  <datafield tag="041" ind1=" " ind2=" ">
    <subfield code="a">urd/ara</subfield>
  </datafield>
  <datafield tag="082" ind1=" " ind2=" ">
    <subfield code="2">23</subfield>
    <subfield code="a">297.12503</subfield>
    <subfield code="b">WAL 194?</subfield>
  </datafield>
  <datafield tag="100" ind1=" " ind2=" ">
    <subfield code="a">&#x648;&#x62D;&#x64A;&#x62F; &#x627;&#x644;&#x632;&#x645;&#x627;&#x646; ;; Wahidujjaman</subfield>
    <subfield code="9">250121</subfield>
  </datafield>
  <datafield tag="245" ind1="1" ind2=" ">
    <subfield code="a">&#x644;&#x63A;&#x627;&#x62A; &#x627;&#x644;&#x62D;&#x62F;&#x649;&#x62B; ;; Lugat al Hadith /</subfield>
    <subfield code="c">&#x648;&#x62D;&#x64A;&#x62F; &#x627;&#x644;&#x632;&#x645;&#x627;&#x646; ;; Wahidujjaman</subfield>
  </datafield>
  <datafield tag="300" ind1=" " ind2=" ">
    <subfield code="a">v. ;</subfield>
    <subfield code="c">25 cm</subfield>
  </datafield>
  <datafield tag="505" ind1=" " ind2=" ">
    <subfield code="a">Vol. 3. '&#x643;&#x62A;&#x627;&#x628; '&#x633;.--</subfield>
  </datafield>
  <datafield tag="650" ind1=" " ind2=" ">
    <subfield code="a">Hadith </subfield>
    <subfield code="v">Dictionary</subfield>
    <subfield code="9">250799</subfield>
  </datafield>
  <datafield tag="942" ind1=" " ind2=" ">
    <subfield code="2">ddc</subfield>
    <subfield code="c">BK</subfield>
  </datafield>
  <datafield tag="999" ind1=" " ind2=" ">
    <subfield code="c">78930</subfield>
    <subfield code="d">78930</subfield>
  </datafield>
  <datafield tag="952" ind1=" " ind2=" ">
    <subfield code="0">0</subfield>
    <subfield code="1">0</subfield>
    <subfield code="2">ddc</subfield>
    <subfield code="4">0</subfield>
    <subfield code="7">0</subfield>
    <subfield code="8">NFIC</subfield>
    <subfield code="a">RUCL</subfield>
    <subfield code="b">RUCL</subfield>
    <subfield code="c">Reading</subfield>
    <subfield code="d">1973-10-15</subfield>
    <subfield code="e">Quran Manjil, Rajshahi</subfield>
    <subfield code="g">1145.00</subfield>
    <subfield code="l">0</subfield>
    <subfield code="o">UR 297.12503 WAL V-1 194?</subfield>
    <subfield code="r">2021-11-30 00:00:00</subfield>
    <subfield code="t">C-1</subfield>
    <subfield code="w">2021-12-09</subfield>
    <subfield code="y">BK</subfield>
  </datafield>
  <datafield tag="952" ind1=" " ind2=" ">
    <subfield code="0">0</subfield>
    <subfield code="1">0</subfield>
    <subfield code="2">ddc</subfield>
    <subfield code="4">0</subfield>
    <subfield code="7">0</subfield>
    <subfield code="8">NFIC</subfield>
    <subfield code="a">RUCL</subfield>
    <subfield code="b">RUCL</subfield>
    <subfield code="c">Reading</subfield>
    <subfield code="d">1973-10-15</subfield>
    <subfield code="e">Quran Manjil, Rajshahi</subfield>
    <subfield code="g">1145.00</subfield>
    <subfield code="l">0</subfield>
    <subfield code="o">UR 297.12503 WAL V-3 194?</subfield>
    <subfield code="r">2021-11-30 00:00:00</subfield>
    <subfield code="t">C-1</subfield>
    <subfield code="w">2021-12-09</subfield>
    <subfield code="y">BK</subfield>
  </datafield>
</record>
